[Event "FICGS W-ch st1 g05 email"]
[Site "FICGS email"]
[Date "2018.03.23"]
[Round "1"]
[White "Bromo, Alexis"]
[Black "Kirali, Hasan"]
[Result "0-1"]
[WhiteElo "1072"]
[BlackElo "1552"]
[PlyCount "62"]
[EventDate "2018.??.??"]
[EventType "tourn (corr)"]
[EventRounds "8"]
[SourceTitle "Corr 2022"]
[Source "ChessBase"]
[SourceDate "2021.10.24"]
[SourceVersion "1"]
[SourceVersionDate "2021.10.24"]
[SourceQuality "1"]

1. d4 d5 2. c4 e6 3. a3 Nf6 4. Nc3 Be7 5. e3 0-0 6. Nf3 Nbd7 7. Be2 dxc4 8. Bxc4 c5 9. d5 Nb6 10. b3 Nxc4 11. bxc4 exd5 12. cxd5 b5 13. 0-0 b4 14. axb4 cxb4 15. Na4 Bb7 16. Bb2 Qxd5 17. Qxd5 Nxd5 18. Rfd1 Rfc8 19. h3 f5 20. Rac1 Rxc1 21. Bxc1 Bc6 22. Nb2 Nc3 23. Re1 Bxf3 24. gxf3 a5 25. e4 a4 26. Nc4 a3 27. exf5 a2 28. Bb2 Bf6 29. Ba1 Ne2+ 30. Kf1 Bxa1 31. Rxa1 Nd4 0-1

[Event "FICGS W-ch st1 g05 email"]
[Site "FICGS email"]
[Date "2018.03.02"]
[Round "1"]
[White "Kirali, Hasan"]
[Black "Louro, Eugenio Diogo"]
[Result "0-1"]
[WhiteElo "1552"]
[BlackElo "1702"]
[PlyCount "94"]
[EventDate "2018.??.??"]
[EventType "tourn (corr)"]
[EventRounds "8"]
[SourceTitle "Corr 2022"]
[Source "ChessBase"]
[SourceDate "2021.10.24"]
[SourceVersion "1"]
[SourceVersionDate "2021.10.24"]
[SourceQuality "1"]

1. d4 Nf6 2. c4 g6 3. Nc3 d6 4. e4 Bg7 5. Nf3 0-0 6. Be2 Nbd7 7. 0-0 c5 8. d5 b6 9. h3 Bb7 10. Bg5 h6 11. Bf4 Re8 12. Qd2 g5 13. Bh2 e5 14. Ne1 a6 15. Nc2 Nf8 16. Ne3 Ng6 17. f3 Bc8 18. Bd1 Nh5 19. Ba4 Bd7 20. Bxd7 Qxd7 21. a4 Ne7 22. Rfb1 Rab8 23. b4 Qc7 24. Kh1 Rec8 25. Rb3 cxb4 26. Rxb4 Qd8 27. Rb2 Nf4 28. Bg1 h5 29. Rab1 Qc7 30. Bf2 h4 31. Kh2 Kh7 32. Rb4 a5 33. R4b3 Qd8 34. R1b2 Rb7 35. Qd1 Rcb8 36. c5 dxc5 37. Nc4 Qd7 38. Qb1 Nc8 39. Nxa5 c4 40. Nxc4 Qc7 41. Ne3 Ra8 42. Ra2 Bf8 43. a5 Bc5 44. a6 Rbb8 45. Nb5 Qd8 46. Qb2 f6 47. Kg1 Na7 0-1

[Event "FICGS W-ch st1 g09 email"]
[Site "FICGS email"]
[Date "2016.11.02"]
[Round "1"]
[White "Kirali, Hasan"]
[Black "Salonen, Jukka"]
[Result "0-1"]
[WhiteElo "1606"]
[BlackElo "1896"]
[PlyCount "42"]
[EventDate "2016.??.??"]
[EventType "tourn (corr)"]
[EventRounds "8"]
[SourceTitle "Corr 2022"]
[Source "ChessBase"]
[SourceDate "2021.10.24"]
[SourceVersion "1"]
[SourceVersionDate "2021.10.24"]
[SourceQuality "1"]

1. c4 e6 2. d4 d5 3. Nf3 Nf6 4. Nc3 c5 5. cxd5 Nxd5 6. e4 Nxc3 7. bxc3 cxd4 8. cxd4 Bb4+ 9. Bd2 Bxd2+ 10. Qxd2 0-0 11. Bc4 Nc6 12. 0-0 b6 13. Rad1 Na5 14. Bd3 Bb7 15. Rfe1 Rc8 16. Qe3 Qe7 17. Qf4 Qb4 18. Rc1 Qa3 19. Qd2 Rfd8 20. h3 Nc6 21. Bb5 Qb4 0-1

[Event "FICGS rapid B 000239 email"]
[Site "FICGS email"]
[Date "2016.03.11"]
[Round "1"]
[White "Carrizo, Jose Luis"]
[Black "Kirali, Hasan"]
[Result "1-0"]
[WhiteElo "2039"]
[BlackElo "1668"]
[PlyCount "31"]
[EventDate "2016.??.??"]
[EventType "tourn (rapid)"]
[EventRounds "6"]
[SourceTitle "Corr 2022"]
[Source "ChessBase"]
[SourceDate "2021.10.24"]
[SourceVersion "1"]
[SourceVersionDate "2021.10.24"]
[SourceQuality "1"]

1. e4 c5 2. Nf3 e6 3. d4 cxd4 4. Nxd4 Nc6 5. Nc3 d6 6. Be3 Nf6 7. f3 Be7 8. Qd2 0-0 9. 0-0-0 a6 10. g4 Nd7 11. h4 Nxd4 12. Qxd4 Ne5 13. Be2 b5 14. Kb1 Rb8 15. f4 Nc6 16. Qd2 1-0

[Event "FICGS class C 000223 email"]
[Site "FICGS email"]
[Date "2015.04.28"]
[Round "1"]
[White "Kirali, Hasan"]
[Black "Jabot, Daniel"]
[Result "0-1"]
[WhiteElo "1838"]
[BlackElo "1814"]
[PlyCount "68"]
[EventDate "2015.??.??"]
[EventType "tourn (corr)"]
[EventRounds "1"]
[SourceTitle "Corr 2022"]
[Source "ChessBase"]
[SourceDate "2021.10.24"]
[SourceVersion "1"]
[SourceVersionDate "2021.10.24"]
[SourceQuality "1"]

1. e4 c5 2. Nf3 d6 3. d4 cxd4 4. Nxd4 Nf6 5. Nc3 g6 6. Be3 Bg7 7. Be2 0-0 8. 0-0 Nc6 9. Re1 Bd7 10. h3 Rc8 11. Qd2 Re8 12. Rad1 a6 13. Nf3 Qc7 14. Bg5 Be6 15. Nd5 Bxd5 16. exd5 Ne4 17. Qe3 Nxg5 18. Nxg5 Ne5 19. c3 Bh6 20. h4 Nc4 21. Qd4 Nxb2 22. Rb1 Nc4 23. Bg4 Bxg5 24. Bxc8 Na3 25. Rb2 Nb5 26. Qd3 Bf6 27. Bxb7 Qxb7 28. a4 Qc7 29. axb5 Qxc3 30. Rd2 axb5 31. Qxb5 Rc8 32. Qd3 Bxh4 33. Qxc3 Rxc3 34. g3 Bg5 0-1

[Event "FICGS class C 000221 email"]
[Site "FICGS email"]
[Date "2015.03.18"]
[Round "1"]
[White "Kirali, Hasan"]
[Black "Ocloz, Laurie"]
[Result "1/2-1/2"]
[WhiteElo "1838"]
[BlackElo "1912"]
[PlyCount "56"]
[EventDate "2015.??.??"]
[EventType "tourn (corr)"]
[EventRounds "1"]
[SourceTitle "Corr 2022"]
[Source "ChessBase"]
[SourceDate "2021.10.24"]
[SourceVersion "1"]
[SourceVersionDate "2021.10.24"]
[SourceQuality "1"]

1. d4 Nf6 2. c4 e6 3. Nc3 Bb4 4. Qc2 0-0 5. Nf3 c5 6. dxc5 Na6 7. g3 Nxc5 8. Bg2 Nce4 9. 0-0 Nxc3 10. bxc3 Be7 11. e4 d6 12. e5 dxe5 13. Nxe5 Qc7 14. Qe2 Nd7 15. Bf4 Nxe5 16. Bxe5 Bd6 17. Bxd6 Qxd6 18. Rad1 Qc7 19. Qd3 Rb8 20. Qd6 Qxd6 21. Rxd6 b6 22. Rb1 e5 23. Re1 f6 24. f4 exf4 25. Bd5+ Kh8 26. gxf4 Bg4 27. Re7 Rfe8 28. Rxa7 h5 1/2-1/2

[Event "FICGS rapid B 000225 email"]
[Site "FICGS email"]
[Date "2015.03.09"]
[Round "1"]
[White "Faust, Dieter"]
[Black "Kirali, Hasan"]
[Result "1/2-1/2"]
[WhiteElo "1729"]
[BlackElo "1838"]
[PlyCount "50"]
[EventDate "2015.??.??"]
[EventType "tourn (rapid)"]
[EventRounds "6"]
[SourceTitle "Corr 2022"]
[Source "ChessBase"]
[SourceDate "2021.10.24"]
[SourceVersion "1"]
[SourceVersionDate "2021.10.24"]
[SourceQuality "1"]

1. d4 Nf6 2. c4 e6 3. Nf3 b6 4. g3 Bb4+ 5. Nbd2 0-0 6. Bg2 Bb7 7. 0-0 Be7 8. Ne1 Bxg2 9. Nxg2 d5 10. cxd5 Qxd5 11. Nf3 Nbd7 12. Bf4 c5 13. Ne3 Qb7 14. Rc1 Rac8 15. Nc4 cxd4 16. Nxd4 Qa6 17. Qb3 Nd5 18. Rfd1 Nxf4 19. gxf4 Rfd8 20. Qb5 Qxb5 21. Nxb5 a6 22. Nd4 g5 23. fxg5 Nf8 24. e3 Bxg5 25. h4 Bh6 1/2-1/2

[Event "FICGS class C 000220 email"]
[Site "FICGS email"]
[Date "2015.03.08"]
[Round "1"]
[White "Duenas, Alexis"]
[Black "Kirali, Hasan"]
[Result "1/2-1/2"]
[WhiteElo "1960"]
[BlackElo "1838"]
[PlyCount "43"]
[EventDate "2015.??.??"]
[EventType "tourn (corr)"]
[EventRounds "1"]
[SourceTitle "Corr 2022"]
[Source "ChessBase"]
[SourceDate "2021.10.24"]
[SourceVersion "1"]
[SourceVersionDate "2021.10.24"]
[SourceQuality "1"]

1. d4 Nf6 2. c4 e6 3. Nc3 Bb4 4. Qc2 d5 5. a3 Be7 6. Nf3 c6 7. g3 0-0 8. Bg2 dxc4 9. 0-0 Nbd7 10. Rd1 h6 11. Ne5 Nxe5 12. dxe5 Nd7 13. Ne4 Qc7 14. f4 Nb6 15. Bf3 c5 16. a4 a5 17. Nd6 Rd8 18. Nb5 Rxd1+ 19. Qxd1 Qb8 20. Na3 Qc7 21. Nb5 Qb8 22. Na3 1/2-1/2

[Event "FICGS class C 000220 email"]
[Site "FICGS email"]
[Date "2015.03.08"]
[Round "1"]
[White "Gouldar, Frances"]
[Black "Kirali, Hasan"]
[Result "1-0"]
[WhiteElo "1826"]
[BlackElo "1838"]
[PlyCount "59"]
[EventDate "2015.??.??"]
[EventType "tourn (corr)"]
[EventRounds "1"]
[SourceTitle "Corr 2022"]
[Source "ChessBase"]
[SourceDate "2021.10.24"]
[SourceVersion "1"]
[SourceVersionDate "2021.10.24"]
[SourceQuality "1"]

1. e4 c5 2. Nf3 Nc6 3. d4 cxd4 4. Nxd4 Nf6 5. Nc3 e5 6. Nxc6 bxc6 7. Bd3 Bb4 8. Bd2 0-0 9. 0-0 Rb8 10. a3 Be7 11. Rb1 d5 12. exd5 cxd5 13. Re1 Ng4 14. h3 Nxf2 15. Kxf2 e4 16. Nxe4 dxe4 17. Rxe4 Bf5 18. Re3 Bg6 19. Kf1 Bc5 20. Rf3 Bxd3+ 21. Rxd3 Qf6+ 22. Rf3 Qd6 23. b4 Qh2 24. Be3 Bxe3 25. Rxe3 Rb6 26. Kf2 Rd6 27. Qe2 Rg6 28. Rg1 h5 29. Qd3 Rd6 30. Qc3 1-0

[Event "FICGS class C 000220 email"]
[Site "FICGS email"]
[Date "2015.03.08"]
[Round "1"]
[White "Kirali, Hasan"]
[Black "McDonagh, Michael"]
[Result "1-0"]
[WhiteElo "1838"]
[BlackElo "2000"]
[PlyCount "37"]
[EventDate "2015.??.??"]
[EventType "tourn (corr)"]
[EventRounds "1"]
[SourceTitle "Corr 2022"]
[Source "ChessBase"]
[SourceDate "2021.10.24"]
[SourceVersion "1"]
[SourceVersionDate "2021.10.24"]
[SourceQuality "1"]

1. d4 e6 2. c4 Nf6 3. Nf3 Bb4+ 4. Nbd2 0-0 5. a3 Be7 6. Qc2 d5 7. e3 b6 8. Bd3 Bb7 9. 0-0 Nbd7 10. b4 c5 11. bxc5 bxc5 12. cxd5 exd5 13. Rb1 Bc6 14. Ne5 Nxe5 15. dxe5 Ng4 16. Bxh7+ Kh8 17. Nf3 d4 18. Be4 d3 19. Qc4 1-0

[Event "FICGS class C 000220 email"]
[Site "FICGS email"]
[Date "2015.03.08"]
[Round "1"]
[White "Kirali, Hasan"]
[Black "Voudouris, Nick"]
[Result "1-0"]
[WhiteElo "1838"]
[BlackElo "1800"]
[PlyCount "75"]
[EventDate "2015.??.??"]
[EventType "tourn (corr)"]
[EventRounds "1"]
[SourceTitle "Corr 2022"]
[Source "ChessBase"]
[SourceDate "2021.10.24"]
[SourceVersion "1"]
[SourceVersionDate "2021.10.24"]
[SourceQuality "1"]

1. d4 d5 2. c4 e6 3. Nc3 f5 4. Nf3 c6 5. Bf4 Bd6 6. e3 Nf6 7. Bd3 0-0 8. 0-0 Ne4 9. Ne2 Qe7 10. Qc2 Nd7 11. Rac1 a5 12. h3 a4 13. Bxd6 Qxd6 14. Nf4 Ndf6 15. a3 g5 16. Ne2 b6 17. Ne5 Nd7 18. cxd5 cxd5 19. f3 Nef6 20. Qc3 Ba6 21. Bxa6 Rxa6 22. Rc2 b5 23. Rfc1 Nh5 24. f4 gxf4 25. exf4 Nxe5 26. dxe5 Qb6+ 27. Kf1 Qd8 28. Qf3 Qh4 29. Rc7 Raa8 30. Kg1 Rf7 31. Rxf7 Kxf7 32. Kh2 Ng7 33. Rc7+ Kg8 34. Qc3 Qf2 35. Qc6 Ra7 36. Rc8+ Kf7 37. Rh8 Kg6 38. Rg8 1-0

[Event "FICGS rapid A 000173 email"]
[Site "FICGS email"]
[Date "2015.03.04"]
[Round "1"]
[White "Kirali, Hasan"]
[Black "Alban, Alexis"]
[Result "0-1"]
[WhiteElo "1838"]
[BlackElo "2081"]
[PlyCount "88"]
[EventDate "2015.??.??"]
[EventType "tourn (rapid)"]
[EventRounds "6"]
[SourceTitle "Corr 2022"]
[Source "ChessBase"]
[SourceDate "2021.10.24"]
[SourceVersion "1"]
[SourceVersionDate "2021.10.24"]
[SourceQuality "1"]

1. d4 d6 2. Nf3 Nf6 3. Nc3 Bf5 4. g3 c6 5. Bg2 h6 6. 0-0 d5 7. Nd2 e6 8. e4 Bh7 9. Qe2 Be7 10. a3 0-0 11. Rd1 a5 12. b3 b5 13. e5 Nfd7 14. Nf3 Qb6 15. Be3 Qb7 16. Ne1 Na6 17. Bf1 Rfc8 18. Qg4 b4 19. Bxh6 Bf8 20. Ne2 bxa3 21. Bc1 Nb4 22. Rd2 c5 23. Qf4 a4 24. Rxa3 Nb6 25. dxc5 Bxc5 26. bxa4 Nc4 27. Rb3 Qa7 28. Nd4 Na2 29. Bb2 Nxd2 30. Qxd2 Qxa4 31. Bb5 Qa5 32. Qxa5 Rxa5 33. Bd7 Rca8 34. Bc6 Rd8 35. Nef3 Nb4 36. Bc3 Rb8 37. Bd7 Ra7 38. Bb5 Bxc2 39. Rxb4 Bxb4 40. Bxb4 Be4 41. Bd6 Ra1+ 42. Kg2 Rb7 43. Bc6 Rb2 44. g4 Rd1 0-1

[Event "FICGS rapid A 000173 email"]
[Site "FICGS email"]
[Date "2015.03.04"]
[Round "1"]
[White "Roe, Philip"]
[Black "Kirali, Hasan"]
[Result "0-1"]
[WhiteElo "1926"]
[BlackElo "1838"]
[PlyCount "20"]
[EventDate "2015.??.??"]
[EventType "tourn (rapid)"]
[EventRounds "6"]
[SourceTitle "Corr 2022"]
[Source "ChessBase"]
[SourceDate "2021.10.24"]
[SourceVersion "1"]
[SourceVersionDate "2021.10.24"]
[SourceQuality "1"]

1. e4 c5 2. Nc3 Nc6 3. Nf3 e6 4. d4 cxd4 5. Nxd4 Nf6 6. Nxc6 bxc6 7. e5 Nd5 8. Ne4 Qc7 9. f4 Qb6 10. c4 Ne3 0-1

[Event "FICGS class C 000217 email"]
[Site "FICGS email"]
[Date "2015.02.11"]
[Round "1"]
[White "Kirali, Hasan"]
[Black "Cermak, Jan"]
[Result "0-1"]
[WhiteElo "1918"]
[BlackElo "2000"]
[PlyCount "92"]
[EventDate "2015.??.??"]
[EventType "tourn (corr)"]
[EventRounds "4"]
[SourceTitle "Corr 2022"]
[Source "ChessBase"]
[SourceDate "2021.10.24"]
[SourceVersion "1"]
[SourceVersionDate "2021.10.24"]
[SourceQuality "1"]

1. d4 Nf6 2. c4 e6 3. Nf3 b6 4. Nc3 Bb7 5. a3 d5 6. Qc2 Be7 7. Bf4 0-0 8. e3 c5 9. Rd1 Nbd7 10. cxd5 Nxd5 11. Nxd5 exd5 12. Bd3 Nf6 13. dxc5 bxc5 14. 0-0 Qb6 15. Be5 g6 16. b3 Rac8 17. h3 Rfe8 18. Rfe1 Bf8 19. Bh2 Bg7 20. Rc1 Ne4 21. Nd2 Nc3 22. Nb1 d4 23. e4 Bh6 24. Nxc3 dxc3 25. Qxc3 Bxc1 26. Rxc1 Bxe4 27. Bc4 Qd8 28. f3 Bc6 29. Be5 Qg5 30. Bf6 Qf4 31. Bh8 Qe3+ 32. Qxe3 Rxe3 33. Bf6 Ree8 34. Kf2 Bd7 35. f4 Rc6 36. Be5 Rb6 37. g4 Be6 38. Bxe6 Rbxe6 39. g5 Rb6 40. Rc3 h6 41. h4 h5 42. Kf3 Rc8 43. Ke4 Rd8 44. f5 Rb5 45. Bf6 Re8+ 46. Kf4 gxf5 0-1

[Event "FICGS rapid A 000172 email"]
[Site "FICGS email"]
[Date "2015.02.11"]
[Round "1"]
[White "Kirali, Hasan"]
[Black "Kopasov, Evgeny Aleksandrovi"]
[Result "1/2-1/2"]
[WhiteElo "1918"]
[BlackElo "1947"]
[PlyCount "44"]
[EventDate "2015.??.??"]
[EventType "tourn (rapid)"]
[EventRounds "6"]
[SourceTitle "Corr 2022"]
[Source "ChessBase"]
[SourceDate "2021.10.24"]
[SourceVersion "1"]
[SourceVersionDate "2021.10.24"]
[SourceQuality "1"]

1. d4 Nf6 2. c4 e6 3. Nf3 b6 4. Nc3 Bb4 5. Bg5 h6 6. Bd2 Bb7 7. e3 0-0 8. Bd3 c5 9. 0-0 cxd4 10. exd4 d5 11. cxd5 Nxd5 12. Qe2 Nf6 13. h3 Nc6 14. a3 Be7 15. Be3 Rc8 16. Rac1 Nd5 17. Rc2 Nxe3 18. fxe3 Bd6 19. Rfc1 Ne7 20. Ba6 Qd7 21. Bb5 Qd8 22. Ba6 Qd7 1/2-1/2

[Event "FICGS class C 000217 email"]
[Site "FICGS email"]
[Date "2015.02.11"]
[Round "1"]
[White "Kopasov, Evgeny Aleksandrovi"]
[Black "Kirali, Hasan"]
[Result "1-0"]
[WhiteElo "1947"]
[BlackElo "1918"]
[PlyCount "71"]
[EventDate "2015.??.??"]
[EventType "tourn (corr)"]
[EventRounds "4"]
[SourceTitle "Corr 2022"]
[Source "ChessBase"]
[SourceDate "2021.10.24"]
[SourceVersion "1"]
[SourceVersionDate "2021.10.24"]
[SourceQuality "1"]

1. d4 Nf6 2. c4 e6 3. Nc3 Bb4 4. Qc2 0-0 5. Nf3 c5 6. dxc5 Na6 7. g3 Nxc5 8. Bg2 Nce4 9. 0-0 Nxc3 10. bxc3 Bc5 11. e4 d6 12. e5 dxe5 13. Nxe5 Bd6 14. Qe2 Qc7 15. Bf4 Ne8 16. c5 Qxc5 17. c4 Bxe5 18. Qxe5 Qxe5 19. Bxe5 f6 20. Bf4 e5 21. Be3 Nd6 22. Bd5+ Nf7 23. a4 g5 24. a5 a6 25. f4 exf4 26. gxf4 Re8 27. fxg5 Rxe3 28. Rxf6 Re5 29. Bxf7+ Kg7 30. h4 Re4 31. Bd5 Rxh4 32. Kf2 Rh5 33. Rh1 Rxh1 34. Bxh1 h5 35. Kg3 Rb8 36. Rb6 1-0

[Event "FICGS rapid A 000172 email"]
[Site "FICGS email"]
[Date "2015.02.11"]
[Round "1"]
[White "Munoz Portugal, Guillermo"]
[Black "Kirali, Hasan"]
[Result "1-0"]
[WhiteElo "1962"]
[BlackElo "1918"]
[PlyCount "101"]
[EventDate "2015.??.??"]
[EventType "tourn (rapid)"]
[EventRounds "6"]
[SourceTitle "Corr 2022"]
[Source "ChessBase"]
[SourceDate "2021.10.24"]
[SourceVersion "1"]
[SourceVersionDate "2021.10.24"]
[SourceQuality "1"]

1. e4 c5 2. Nf3 d6 3. d4 cxd4 4. Nxd4 Nf6 5. Nc3 Nc6 6. f3 e5 7. Nb3 Be7 8. Be3 0-0 9. Qd2 a5 10. Bb5 Na7 11. Be2 Nc6 12. Rd1 a4 13. Nc1 Be6 14. 0-0 Ra5 15. Bb5 a3 16. Nb3 Ra8 17. Nd5 axb2 18. a4 Bxd5 19. exd5 Na7 20. Be2 Nc8 21. a5 Nh5 22. Rb1 Nf4 23. Bb5 Na7 24. Bc4 Qd7 25. Rfe1 Bf6 26. Rxb2 Nc8 27. Bf1 Ne7 28. c4 Nfg6 29. Rbb1 Rfc8 30. g3 Nf5 31. Bh3 Nge7 32. Qb4 h6 33. Bb6 Bg5 34. Rbd1 Rcb8 35. c5 dxc5 36. Qe4 Qb5 37. Nxc5 Nd6 38. Qd3 Qb4 39. Ne4 Nxe4 40. Rxe4 Qd6 41. Rc4 Rf8 42. Bc7 Qg6 43. Bd7 Qa6 44. d6 Nc6 45. Rc5 Qxd3 46. Rxd3 Nb8 47. Bf5 Bd8 48. Rb3 Na6 49. Rc1 g6 50. Be4 Nxc7 51. dxc7 1-0

[Event "FICGS class C 000217 email"]
[Site "FICGS email"]
[Date "2015.02.11"]
[Round "1"]
[White "Sorbi, Luca"]
[Black "Kirali, Hasan"]
[Result "1-0"]
[WhiteElo "1962"]
[BlackElo "1918"]
[PlyCount "73"]
[EventDate "2015.??.??"]
[EventType "tourn (corr)"]
[EventRounds "4"]
[SourceTitle "Corr 2022"]
[Source "ChessBase"]
[SourceDate "2021.10.24"]
[SourceVersion "1"]
[SourceVersionDate "2021.10.24"]
[SourceQuality "1"]

1. e4 c5 2. Nf3 d6 3. d4 cxd4 4. Nxd4 Nf6 5. Nc3 Nc6 6. Bg5 e6 7. Qd2 Qb6 8. Bxf6 gxf6 9. Nb3 a6 10. 0-0-0 Bd7 11. f4 0-0-0 12. Be2 Be7 13. Na4 Qc7 14. Qe3 Be8 15. Nc3 Kb8 16. Kb1 Na5 17. Nd4 Nc4 18. Qh3 Bd7 19. Bxc4 Qxc4 20. Qh5 Rdf8 21. Rd3 Rhg8 22. g3 Rg7 23. Nce2 Re8 24. Rhd1 Qc8 25. Rc3 Qd8 26. Ng1 Ka8 27. Ngf3 Qb6 28. Rdd3 Bf8 29. a3 Rb8 30. Nd2 Qd8 31. Nc4 Rc8 32. Nb3 e5 33. f5 Kb8 34. Nba5 b5 35. Rb3 Qc7 36. Qd1 h5 37. Nxd6 1-0

[Event "Manavgat Turkey Cup"]
[Site "Manavgat"]
[Date "2015.02.06"]
[Round "10"]
[White "Ergin, Abdullah"]
[Black "Kirali, Hasan"]
[Result "0-1"]
[WhiteElo "1556"]
[BlackElo "1525"]
[PlyCount "84"]
[EventDate "2015.01.31"]
[EventType "swiss"]
[EventRounds "11"]
[EventCountry "TUR"]
[SourceTitle "CBM 164 Extra"]
[Source "ChessBase"]
[SourceDate "2015.03.02"]
[SourceVersion "1"]
[SourceVersionDate "2015.03.02"]
[SourceQuality "1"]

1. e4 e6 2. d4 c5 3. Nf3 a6 4. a4 cxd4 5. Nxd4 Nc6 6. c3 Nf6 7. Bd3 Be7 8. 0-0 Qc7 9. f4 Bc5 10. Be3 Qb6 11. a5 Qxb2 12. Qa4 b5 13. axb6 Qxb6 14. Nd2 Ng4 15. Nc4 Qa7 16. Kh1 Nxe3 17. Nxe3 Bxd4 18. cxd4 Qxd4 19. Qxd4 Nxd4 20. Nc4 0-0 21. Nb6 Rb8 22. Nxc8 Rfxc8 23. Bxa6 Rc3 24. e5 Ra8 25. Rfd1 Nb3 26. Ra3 Rc1 27. Rxc1 Nxc1 28. g3 Ne2 29. Ra4 Kf8 30. Bb5 Rxa4 31. Bxa4 Ke7 32. Bc2 h6 33. Kg2 Nd4 34. Bd3 Nc6 35. Kf2 f6 36. Be4 fxe5 37. Bxc6 dxc6 38. fxe5 Kd7 39. Ke3 c5 40. Kd3 Kc6 41. Kc4 h5 42. h3 g5 0-1

[Event "FICGS rapid A 000170 email"]
[Site "FICGS email"]
[Date "2014.12.30"]
[Round "1"]
[White "Kirali, Hasan"]
[Black "Ortiz, Clodomiro"]
[Result "0-1"]
[WhiteElo "1916"]
[BlackElo "2050"]
[PlyCount "72"]
[EventDate "2014.??.??"]
[EventType "tourn (rapid)"]
[EventRounds "6"]
[SourceTitle "Corr 2022"]
[Source "ChessBase"]
[SourceDate "2021.10.24"]
[SourceVersion "1"]
[SourceVersionDate "2021.10.24"]
[SourceQuality "1"]

1. d4 Nf6 2. c4 e6 3. Nf3 c6 4. Nc3 d5 5. e3 Nbd7 6. Qc2 Be7 7. Be2 b6 8. cxd5 cxd5 9. Bd2 Bb7 10. 0-0 0-0 11. Rac1 Ne4 12. Nxe4 dxe4 13. Ne5 Nxe5 14. dxe5 Qd5 15. Bc3 Qxa2 16. Ra1 Qd5 17. Qa4 Bc6 18. Qc2 a5 19. Rac1 Rfc8 20. Rfd1 Qc5 21. Qb1 a4 22. h3 b5 23. Bd4 Qb4 24. Rc2 Bd5 25. Rdc1 Rxc2 26. Qxc2 Qa5 27. Qc7 Qxc7 28. Rxc7 Bd8 29. Rd7 b4 30. Bc5 Ba5 31. Bg4 a3 32. bxa3 b3 33. Bd4 Rc8 34. Kh2 Bb6 35. Rxd5 exd5 36. Bxb6 Rc4 0-1

[Event "FICGS rapid A 000170 email"]
[Site "FICGS email"]
[Date "2014.12.30"]
[Round "1"]
[White "Sorcinelli, Andrea"]
[Black "Kirali, Hasan"]
[Result "1/2-1/2"]
[WhiteElo "1993"]
[BlackElo "1916"]
[PlyCount "47"]
[EventDate "2014.??.??"]
[EventType "tourn (rapid)"]
[EventRounds "6"]
[SourceTitle "Corr 2022"]
[Source "ChessBase"]
[SourceDate "2021.10.24"]
[SourceVersion "1"]
[SourceVersionDate "2021.10.24"]
[SourceQuality "1"]

1. e4 e5 2. Nf3 Nf6 3. Nxe5 d6 4. Nf3 Nxe4 5. d4 d5 6. Bd3 Nc6 7. 0-0 Be7 8. c4 Nb4 9. Be2 0-0 10. Nc3 Bf5 11. a3 Nxc3 12. bxc3 Nc6 13. Re1 Re8 14. cxd5 Qxd5 15. Bf4 Rac8 16. Bd3 Bxd3 17. Qxd3 h6 18. c4 Qd7 19. d5 Bc5 20. Rad1 Rxe1+ 21. Rxe1 Ne7 22. Be3 Bxe3 23. Qxe3 Ng6 24. Qd4 1/2-1/2

[Event "FICGS class C 000213 email"]
[Site "FICGS email"]
[Date "2014.11.12"]
[Round "1"]
[White "Ramos, Francisco Miguel R"]
[Black "Kirali, Hasan"]
[Result "1-0"]
[WhiteElo "1973"]
[BlackElo "1916"]
[PlyCount "37"]
[EventDate "2014.??.??"]
[EventType "tourn (corr)"]
[EventRounds "4"]
[SourceTitle "Corr 2022"]
[Source "ChessBase"]
[SourceDate "2021.10.24"]
[SourceVersion "1"]
[SourceVersionDate "2021.10.24"]
[SourceQuality "1"]

1. e4 e5 2. Nf3 Nc6 3. Bb5 Nf6 4. 0-0 Nxe4 5. Re1 Nd6 6. Nxe5 Be7 7. Ba4 Nxe5 8. Rxe5 0-0 9. d4 Nc4 10. Re1 d5 11. b3 Nd6 12. Qe2 Bf6 13. Bb2 c6 14. b4 Re8 15. Qd1 Rxe1+ 16. Qxe1 Qb6 17. c3 Bf5 18. Nd2 Qa6 19. Bb3 1-0

[Event "FICGS rapid A 000169 email"]
[Site "FICGS email"]
[Date "2014.11.09"]
[Round "1"]
[White "Kirali, Hasan"]
[Black "Kolomytchenko, Igor"]
[Result "0-1"]
[WhiteElo "1916"]
[BlackElo "1999"]
[PlyCount "116"]
[EventDate "2014.??.??"]
[EventType "tourn (rapid)"]
[EventRounds "6"]
[SourceTitle "Corr 2022"]
[Source "ChessBase"]
[SourceDate "2021.10.24"]
[SourceVersion "1"]
[SourceVersionDate "2021.10.24"]
[SourceQuality "1"]

1. e4 c5 2. Nc3 Nc6 3. Nf3 d6 4. d4 cxd4 5. Nxd4 Nf6 6. Bg5 e6 7. Qd2 Be7 8. 0-0-0 0-0 9. f4 h6 10. Bxf6 Bxf6 11. Ndb5 e5 12. g3 Bg4 13. Be2 Bxe2 14. Qxe2 a6 15. Rxd6 Qb8 16. Rxf6 axb5 17. Qg4 Qa7 18. Rxh6 Nb4 19. Rh5 Qf2 20. Qe2 Nxa2+ 21. Kd2 Rfd8+ 22. Nd5 Qd4+ 23. Qd3 Qxb2 24. fxe5 Nb4 25. Qc3 Qa2 26. Qxb4 Rxd5+ 27. exd5 Qxd5+ 28. Ke3 Qxh1 29. Qxb5 Qc1+ 30. Kf3 Qxc2 31. Rh4 Ra3+ 32. Kf4 Ra4+ 33. Kf3 Qc3+ 34. Kg2 Ra2+ 35. Kh3 Qc8+ 36. Rg4 Qf5 37. Qc4 Rc2 38. Qd5 Qf1+ 39. Kh4 Rxh2+ 40. Kg5 Rh6 41. Rf4 Rg6+ 42. Kf5 Qb1+ 43. Qe4 Qd1 44. Qf3 Qc2+ 45. Re4 Qh2 46. Qd1 Qh3+ 47. Rg4 f6 48. e6 Qh5+ 49. Kf4 Qe5+ 50. Kf3 Rxg4 51. Kxg4 Qe4+ 52. Kh3 Qxe6+ 53. g4 Qe3+ 54. Kg2 Qe4+ 55. Kg3 b5 56. Qb3+ Kh7 57. Qf7 b4 58. Qb3 Kg6 0-1

[Event "FICGS rapid A 000169 email"]
[Site "FICGS email"]
[Date "2014.11.09"]
[Round "1"]
[White "Kirali, Hasan"]
[Black "Sorcinelli, Andrea"]
[Result "1/2-1/2"]
[WhiteElo "1916"]
[BlackElo "1993"]
[PlyCount "86"]
[EventDate "2014.??.??"]
[EventType "tourn (rapid)"]
[EventRounds "6"]
[SourceTitle "Corr 2022"]
[Source "ChessBase"]
[SourceDate "2021.10.24"]
[SourceVersion "1"]
[SourceVersionDate "2021.10.24"]
[SourceQuality "1"]

1. e4 c5 2. Nf3 d6 3. d4 cxd4 4. Nxd4 Nf6 5. Nc3 a6 6. Be3 e5 7. Nf3 Qc7 8. a4 Be7 9. Be2 Nbd7 10. Nd2 Nc5 11. b4 Nd3+ 12. cxd3 Qxc3 13. 0-0 d5 14. Bg5 0-0 15. Bxf6 Bxf6 16. exd5 Qxb4 17. Nc4 Qc5 18. Rc1 Rb8 19. Bf3 Qd4 20. Qe2 g6 21. Rb1 Bf5 22. Be4 Bd7 23. a5 Bg7 24. Qe3 f5 25. Qxd4 exd4 26. Bf3 Bb5 27. Rfe1 Rfd8 28. g3 Bf8 29. Re6 Bc5 30. Ne5 Kf8 31. Rc1 Bd6 32. Kg2 Bxe5 33. Rxe5 Re8 34. Rxe8+ Rxe8 35. h3 Ke7 36. Rc7+ Kd6 37. Rxh7 Bxd3 38. Rxb7 Be4 39. Bxe4 fxe4 40. Rb6+ Kxd5 41. Rxa6 d3 42. Kf1 Rc8 43. Ke1 Rc1+ 1/2-1/2